000 00745nam a22002657a 4500
001 BR0705528
003 BR-BrBNA
005 20230928102538.0
007 ta
008 230509b bl.||||| |||| 00| 0 por d
040 _aBR-BrBNA
_bpor
_cBiblioteca Nacional de Agricultura
041 _a(Por)
072 _aE11
090 _ E11 BR0705528
100 1 _aJunqueira, M.
245 1 _aAs terras devolutas na reforma agrária
260 3 _aSão Paulo, SP (Brasil):
_bEmpresa Gráfica da Revista dos Tribunais,
_c1964.
300 _a140 p.
500 _aDocumento microfilmado e tratado BR7314420
650 _aREFORMA AGRÁRIA
650 _aTERRA DEVOLUTA
650 _aECONOMIA
909 _a202309
_bLucia
_c55
_dLucia Elande
942 _cBK
999 _c71328
_d71328